| 000 | 00591nam a2200193Ia 4500 | ||
|---|---|---|---|
| 005 | 20250508162100.0 | ||
| 008 | 008 250505s9999 xx 000 0 eng d | ||
| 037 | _aTextual | ||
| 040 |
_aFEDL _beng _cFEDL |
||
| 041 |
_aeng _2eng |
||
| 084 |
_a309.154, SRI _qFEDL |
||
| 100 | _aSrinivas M. N. Ed. | ||
| 245 | 0 | _aDimensions of social change in India | |
| 260 |
_aBombay, India _bAllied Publishers Private Limited _c1977 |
||
| 300 | _aix,518p. | ||
| 700 |
_a Seshaiah S. Ed. Parthasarathy V. S. Ed. _9772246 |
||
| 942 |
_cTEXL _h309.154, SRI |
||
| 999 |
_c1374275 _d1374275 |
||